000 00693nam a2200241 a 4500
003 AR-BaBNM
005 20251128202804.0
008 082120s2002 ||||||||||||||000 | spa||
040 _cAR-BaBNM
100 1 _aSpecogna, Enrique E.
245 0 0 _aGeneral Villegas
_bpampa... pujanza... progreso
260 _aBuenos Aires
_bEl autor
_c1981
300 _a168 p.
_bláms., il., mapas
650 4 _aHISTORIA DE BUENOS AIRES
650 4 _aHISTORIA PROVINCIAL ARGENTINA
650 4 _aHISTORIA SOCIAL
650 4 _aHISTORIA DE LAS COSTUMBRES
650 4 _aHISTORIA DE LAS RELIGIONES
650 4 _aDEMOGRAFIA HISTORICA
650 4 _aINMIGRACION EN ARGENTINA
942 _cBK
998 _cmariana
999 _c578
_d578